000 00561nam a22001577a 4500
003 OSt
005 20151102141352.0
008 151102b xxu||||| |||| 00| 0 eng d
040 _cRUA
082 _aFOR ហ៊ី 1991 B116 Or.1
100 _93182
_aហ៊ី តាំងប៉ា
245 _aការស្រោចស្រង់ធនធានព្រៃឈើក្រោយសង្រ្គាមនៅក្នុងខេត្តស្ទឹងត្រែង
260 _aPhnom Penh
_bRUA
_c1991
300 _a65p.
_bill.
_c29cm.
942 _2ddc
_cFOR
999 _c2970
_d2970